| 000 | 00385nam a2200145 i 4500 | ||
|---|---|---|---|
| 001 | 33311 | ||
| 003 | ES-MaACL | ||
| 005 | 20230906154733.0 | ||
| 007 | t| | ||
| 008 | 030202s1909 mx ||||1| spa d | ||
| 100 | 1 |
_aBerganzo, Luis Alfonso. _927934 |
|
| 245 | 1 | 0 |
_aJulia y Julieta _b: poema / _cLuis Alfonso Berganzo. |
| 260 |
_aMéxico : _b[s.n., _c1909] |
||
| 852 |
_aES-MaACL _jT-1149-F |
||
| 999 |
_c33311 _d33311 |
||